Strategic management (Record no. 18467)

MARC details
000 -LEADER
fixed length control field 00445nam a2200169Ia 4500
008 - FIXED-LENGTH DATA ELEMENTS--GENERAL INFORMATION
fixed length control field 220501s2021 xx 000 0 eng d
020 ## - INTERNATIONAL STANDARD BOOK NUMBER
International Standard Book Number 9789354601101
082 ## - DEWEY DECIMAL CLASSIFICATION NUMBER
Classification number 658.4012 ROT-S
100 ## - MAIN ENTRY--PERSONAL NAME
Personal name Rothaermel, Frank T.
245 #0 - TITLE STATEMENT
Title Strategic management
Statement of responsibility, etc Frank T. Rothaermel
250 ## - EDITION STATEMENT
Edition statement 4th
260 ## - PUBLICATION, DISTRIBUTION, ETC. (IMPRINT)
Place of publication, distribution, etc Chennai
Name of publisher, distributor, etc McGraw Hill
Date of publication, distribution, etc 2021
300 ## - PHYSICAL DESCRIPTION
Extent / Pages xxviii, 555
650 ## - SUBJECT ADDED ENTRY--TOPICAL TERM
Topical term or geographic name as entry element Management
650 ## - SUBJECT ADDED ENTRY--TOPICAL TERM
Topical term or geographic name as entry element Strategic planning
942 ## - ADDED ENTRY ELEMENTS (KOHA)
Source of classification or shelving scheme
Koha item type Reference Books
942 ## - ADDED ENTRY ELEMENTS (KOHA)
-- 2
Holdings
Withdrawn status Lost status Source of classification or shelving scheme Damaged status Not for loan Home library Current library Date acquired Source of acquisition Full call number Barcode Date last seen Copy number Bill Date Koha item type Bill Number Total Checkouts Date last borrowed
          SOBD Library SOBD Library 05/05/2022 Vedi Books 658.4012 ROT-S1 001060 01/07/2022 1 14/04/2022 Reference Books VEDI/22-23/04/07    
          SOBD Library SOBD Library 05/05/2022 Vedi Books 658.4012 ROT-S2 001061 04/04/2023 2 14/04/2022 Books VEDI/22-23/04/07 2 31/03/2023
Hosted, Implemented, Customized & Maintained by: BestBookBuddies

Powered by Koha